| Tag |
First Indicator |
Second Indicator |
Subfields |
| LEADER |
00000cam a2200000 4500 |
| 001 |
in00000075318 |
| 005 |
20151008052624.0 |
| 008 |
761014s1953 ilua 00100 eng |
| 010 |
|
|
|a 53007023
|
| 035 |
|
|
|a (OCoLC)02503411
|
| 035 |
|
|
|9 AAH4167AM
|
| 040 |
|
|
|a DLC
|c AKC
|d TXA
|d UtOrBLW
|
| 049 |
|
|
|a TXAM
|c [218325]
|
| 050 |
0 |
0 |
|a HV7936.P8
|b G6 1953
|
| 092 |
|
|
|a 352.2
|b G716p
|
| 100 |
1 |
|
|a Gourley, G. Douglas
|q (Gerald Douglas),
|d 1911-
|
| 245 |
1 |
0 |
|a Public relations and the police /
|c with a foreword by August Vollmer.
|
| 264 |
|
1 |
|a Springfield, Ill. :
|b Thomas,
|c [1953]
|
| 300 |
|
|
|a 123 pages :
|b illustrations ;
|c 24 cm.
|
| 336 |
|
|
|a text
|b txt
|2 rdacontent
|
| 337 |
|
|
|a unmediated
|b n
|2 rdamedia
|
| 338 |
|
|
|a volume
|b nc
|2 rdacarrier
|
| 650 |
|
0 |
|a Police-community relations.
|
| 651 |
|
0 |
|a Los Angeles (Calif.)
|x Police.
|
| 999 |
|
|
|a MARS
|
| 999 |
f |
f |
|s ca710e7b-9410-3d56-8e1b-467db64e36c9
|i ac2d0d0e-47bf-3db4-a816-7e1850aad577
|t 0
|
| 952 |
f |
f |
|p ric
|a Texas A&M University
|b Rellis Campus
|c Joint Library Facility
|d Remote Storage
|t 0
|e HV7936.P8 G6 1953
|h Library of Congress classification
|i unmediated -- volume
|m A14800797808
|
| 998 |
f |
f |
|a HV7936.P8 G6 1953
|t 0
|l Remote Storage
|